[Event "St Petersburg Korchnoi Memorial op"]
[Site "St Petersburg"]
[Date "2024.08.20"]
[Round "6"]
[White "Grigorieva, Yulia"]
[Black "Loktionov, Kirill"]
[Result "0-1"]
[WhiteElo "2085"]
[BlackElo "1949"]
[PlyCount "72"]
[EventDate "2024.08.17"]
[EventType "swiss"]
[EventRounds "9"]
[EventCountry "RUS"]
[SourceTitle "EXT 2025"]
[Source "ChessBase"]
[SourceDate "2024.10.14"]
[SourceVersion "1"]
[SourceVersionDate "2024.10.14"]
[SourceQuality "1"]

1. d4 d5 2. c4 e6 3. Nc3 c5 4. cxd5 exd5 5. Nf3 Nf6 6. g3 Nc6 7. Bg2 Be7 8. 0-0 0-0 9. Bg5 cxd4 10. Nxd4 h6 11. Bf4 a6 12. Rc1 Bg4 13. h3 Bd7 14. g4 Qb6 15. Nb3 Be6 16. Be3 Qd8 17. Nd4 Ne5 18. b3 Bd6 19. Nf5 Nexg4 20. hxg4 Nxg4 21. Nxd6 Qxd6 22. Re1 Qh2+ 23. Kf1 Nxe3+ 24. fxe3 Rad8 25. Kf2 Qh4+ 26. Kg1 Bh3 27. Bxh3 Qxh3 28. Kf2 Rd6 29. Rg1 Qh2+ 30. Kf3 Rf6+ 31. Kg4 Rg6+ 32. Kf3 Qh3+ 33. Kf4 Rf6+ 34. Ke5 Qxe3+ 35. Kxd5 Rd8+ 36. Kc4 Rf4+ 0-1

[Event "St Petersburg Korchnoi Memorial op"]
[Site "St Petersburg"]
[Date "2024.08.19"]
[Round "5"]
[White "Loktionov, Kirill"]
[Black "Meydi, Igor"]
[Result "1-0"]
[WhiteElo "1949"]
[BlackElo "2147"]
[PlyCount "45"]
[EventDate "2024.08.17"]
[EventType "swiss"]
[EventRounds "9"]
[EventCountry "RUS"]
[SourceTitle "EXT 2025"]
[Source "ChessBase"]
[SourceDate "2024.10.14"]
[SourceVersion "1"]
[SourceVersionDate "2024.10.14"]
[SourceQuality "1"]

1. d4 d5 2. c4 e6 3. Nc3 Nf6 4. Nf3 Bb4 5. Qa4+ Nc6 6. e3 0-0 7. Bd2 Re8 8. Bd3 dxc4 9. Bxc4 Bd7 10. Qc2 Bd6 11. 0-0 a6 12. a4 h6 13. h3 e5 14. dxe5 Nxe5 15. Nxe5 Rxe5 16. e4 Rh5 17. Be2 Rh4 18. f4 Nh5 19. e5 Bc5+ 20. Kh2 Qc8 21. Be1 Rxf4 22. Nd5 Rxf1 23. Qxc5 1-0

[Event "St Petersburg Korchnoi Memorial op"]
[Site "St Petersburg"]
[Date "2024.08.17"]
[Round "1"]
[White "Loktionov, Kirill"]
[Black "Fedorov, Vladimir3"]
[Result "1-0"]
[WhiteElo "1949"]
[BlackElo "1597"]
[PlyCount "61"]
[EventDate "2024.08.17"]
[EventType "swiss"]
[EventRounds "9"]
[EventCountry "RUS"]
[SourceTitle "CBM 221 Extra"]
[Source "ChessBase"]
[SourceDate "2024.09.30"]
[SourceVersion "1"]
[SourceVersionDate "2024.09.30"]
[SourceQuality "1"]

1. d4 Nf6 2. c4 e6 3. Nf3 b6 4. g3 Bb7 5. Bg2 Bb4+ 6. Bd2 Qe7 7. 0-0 Bxd2 8. Qxd2 h6 9. Nc3 a6 10. Rfe1 Ne4 11. Qc2 Nxc3 12. Qxc3 0-0 13. e4 d6 14. Nd2 e5 15. d5 Nd7 16. f4 exf4 17. gxf4 f6 18. Nf3 Rfe8 19. Nd4 Qf7 20. Kh1 g5 21. Qh3 Qh7 22. e5 dxe5 23. Be4 Qh8 24. Qxd7 exd4 25. Bh7+ Qxh7 26. Rxe8+ Rxe8 27. Qxe8+ Kg7 28. Re1 Qg8 29. Re7+ Kh8 30. Qh5 Qf8 31. Re8 1-0

[Event "Chigorin Memorial 27th"]
[Site "St Petersburg"]
[Date "2019.10.11"]
[Round "7"]
[White "Lebedev, Artem S"]
[Black "Loktionov, Kirill"]
[Result "0-1"]
[WhiteElo "1561"]
[BlackElo "1866"]
[PlyCount "40"]
[EventDate "2019.10.05"]
[EventType "swiss"]
[EventRounds "9"]
[EventCountry "RUS"]
[SourceTitle "EXT 2021"]
[Source "ChessBase"]
[SourceDate "2020.10.23"]
[SourceVersion "1"]
[SourceVersionDate "2020.10.23"]
[SourceQuality "1"]

1. e4 c5 2. Nf3 Nc6 3. Bb5 g6 4. 0-0 Bg7 5. c3 e5 6. d3 Nge7 7. Be3 d6 8. d4 cxd4 9. cxd4 0-0 10. Nc3 exd4 11. Nxd4 Ne5 12. Be2 d5 13. f4 N5c6 14. Nxd5 Nxd5 15. exd5 Qxd5 16. Bf3 Qc5 17. Rc1 Bxd4 18. Rxc5 Bxe3+ 19. Kh1 Bxc5 20. Qc2 Bb6 0-1